000
00240nam a22000977a 4500
008
170126b xxu||||| |||| 00| 0 eng d
041
_a
eng
080
_a
61
245
_a
ARUP'S GUIDE TO SLINICAL LABORATORY TESTING
_c
WEISS R.L
942
_2
udc
_c
BK
999
_c
3729
_d
3729